Normal view MARC view

Entry Topical Term

Number of records used in: 9

001 - CONTROL NUMBER

  • control field: 20630

003 - CONTROL NUMBER IDENTIFIER

  • control field: dpl

005 - DATE AND TIME OF LATEST TRANSACTION

  • control field: 20100918111330.0

008 - FIXED-LENGTH DATA ELEMENTS

  • fixed length control field: 100918|||a|||||| | ||| d

040 ## - CATALOGING SOURCE

  • Original cataloging agency: dpl
  • Transcribing agency: dpl

150 ## - HEADING--TOPICAL TERM

  • Topical term or geographic name as entry element: Devotional Songs

670 ## - SOURCE DATA FOUND

  • Source citation: Work cat.: (dpl): 17455 Jagjit Singh, Krishna bhajans /, 1983

670 ## - SOURCE DATA FOUND

  • Source citation: Work cat.: (dpl): 17455 Jagjit Singh, Krishna bhajans /, 1983

© Delhi Public Library
Hit Counter
free hit counter